• 首页
  • 本馆介绍
  • 公告通知
  • 最新文献
  • 馆藏检索
  • 电子资源
  • 读者导购
  • 参考咨询
  • 我的图书馆
  • 登录
  • 详细信息显示
  • 放入我的书架
  • 预约/预借图书
  • 作者相关作品
  • 分类相关作品
  • 丛书相关作品
  • 出版社相关作品

书目信息

  • 表格格式
  • 工作单格式
  • 卡片格式
题名:
电子技术实验
    
 
作者: 李进 , 宋滨 编
分册:  
出版信息: 北京   化学工业出版社  2011
页数: 184页
开本: 26cm
丛书名:
单 册:
中图分类: TN01-33
科图分类:
主题词: 电子技术--dian zi ji shu--实验--高等学校--教材
电子资源:
ISBN: 978-7-122-10365-9
000 01089cam0 2200277 450
001 012001000780
005 20131106171107.0
010    @a978-7-122-10365-9@dCNY26.00
099    @aCAL 012011050538
100    @a20110429d2011 em y0chiy0121 ea
101 0  @achi
102    @aCN@b110000
105    @aak a 000yy
106    @ar
200 1  @a电子技术实验@Adian zi ji shu shi yan@f李进, 宋滨编
210    @a北京@c化学工业出版社@d2011
215    @a184页@c图@d26cm
320    @a有书目
330    @a本书分为模拟电子技术实验、数字电子技术实验、综合实验及常用电子仪器的性能和使用四部分。实验内容的编排以提高学生的动手能力、提高发现问题和解决问题的能力为宗旨。因此,除验证性实验之外,另有设计性和综合性实验。
333    @a普通高等教育电气信息类“十一五”规划教材
606 0  @a电子技术@Adian zi ji shu@x实验@x高等学校@j教材
690    @aTN01-33@v4
701  0 @a李进@ALi Jin@c(电子技术)@4编@3CAL n2011100382#@7jt0yjt0y@7ec0yec0y
701  0 @a宋滨@ASong Bin@c(电子)@3CAL n2011100383#@7jt0yjt0y@7ec0yec0y
801  0 @aCN@b北京卓展文化@c20191020
905    @b1196827-30@dTN01-33@e153@f4
    
    电子技术实验/李进, 宋滨编.-北京:化学工业出版社,2011
    184页:图;26cm
    使用对象:普通高等教育电气信息类“十一五”规划教材
    
    ISBN 978-7-122-10365-9:CNY26.00
    本书分为模拟电子技术实验、数字电子技术实验、综合实验及常用电子仪器的性能和使用四部分。实验内容的编排以提高学生的动手能力、提高发现问题和解决问题的能力为宗旨。因此,除验证性实验之外,另有设计性和综合性实验。
●
相关链接 在E读中查询图书 在五车中查询图书 在当当中查询图书 在豆瓣中查询图书


正题名:电子技术实验     索取号:TN01-33/153         预约/预借

序号 登录号 条形码 馆藏地/架位号 状态 备注
1 1196827   211968272   第二样本阅览室/ [索取号:TN01-33/153] 在馆    
2 1196828   211968281   第三借阅区/ [索取号:TN01-33/153] 在馆    
3 1196829   211968290   第三借阅区/ [索取号:TN01-33/153] 在馆    
4 1196830   211968307   第三借阅区/ [索取号:TN01-33/153] 在馆    
欢迎您!
大连网信软件有限公司© 版权所有